| 000 | 00810nam a2200217Ii 4500 | ||
|---|---|---|---|
| 003 | JO-AjNU | ||
| 008 | 230605s9999||||xx |||||||||||||| ||und|| | ||
| 017 | _a2006/8/2009 | ||
| 020 | _a9957-8594-1-2 | ||
| 040 |
_aJO-AjNU _bara _erda _cJO-AjNU |
||
| 041 | _aara | ||
| 050 | 1 | 4 | _aDS153.3.W34 2006 |
| 100 | 3 |
_aاعداد وهيب، محمد، م. مشارك الزعبي، زهير, _eauthor _945520 |
|
| 245 | 0 | 0 | _aاكتشاف سبيل الحوريات في عمان (فيلادلفيا)، الجزء الأول |
| 264 | 3 | 1 | _aعمان: المؤلف، 2006 |
| 300 | _aج1، 122ص | ||
| 336 |
_atext _btxt _2rdacontent |
||
| 337 |
_aunmediated _bn _2rdamedia |
||
| 338 |
_avolume _bnc _2rdacarrier |
||
| 650 | 4 |
_a سبيل الحوريات - المواقع السياحية- الاثار-الاردن _945521 |
|
| 999 |
_aA19739 _c23307 _d23307 |
||